000 00351nam a2200133Ia 4500
008 240624s9999 xx 000 0 und d
041 _aeng
082 _a658.4063 JOH
100 _aJOHANSSON HENRY J
245 _aBUSINESS PROCESS REENGINEERING BREAKPOIN
260 _c1993
_aChichester
_bJohn Wiley
300 _axiv, : 241 : p. : cm. ; 24
365 _c
999 _c1870
_d1870